Massive Attack Discography - Statistics

General Stats
  • This quiz has been taken 32 times
  • The average score is 7 of 19
Answer Stats
Type Year Name % Correct
Album 1991 Blue Lines
90%
Album 1998 Mezzanine
90%
Remix Album 2006 Mezzanine - The Remixes
90%
Album 1994 Protection
72%
Album 2010 Heligoland
59%
Album 2003 100th Window
55%
Soundtrack 2004 Danny the Dog
34%
Collaborative Remix Album 1995 No Protection
34%
EP 2016 Ritual Spirit
28%
Compilation 2006 Collected
24%
Remix Album 2006 100th Window - The Remixes
17%
Remix Album 2006 Blue Lines - The Remixes
17%
Remix Album 2006 Protection - The Remixes
17%
EP 2009 Splitting the Atom
17%
EP 2010 Atlas Air
14%
Compilation 1998 Singles 90/98
14%
EP 1992 Massive Attack EP
10%
Compilation 2006 Selected
3%
EP 2006 Bite Size Massive Attack
0%
No matching quizzes found
Score Distribution
Percent of People with Each Score
Percentile by Number Answered
Your Score History
You have not taken this quiz